| Tag |
First Indicator |
Second Indicator |
Subfields |
| LEADER |
00000cam a22000007i 4500 |
| 001 |
in00001325521 |
| 005 |
20151005072401.0 |
| 008 |
741222s1962 xxk 000 0 eng d |
| 015 |
|
|
|a GB62-364
|
| 035 |
|
|
|a (OCoLC)30245061
|
| 035 |
|
|
|9 AHC6152AM
|
| 040 |
|
|
|a UKM
|c UKM
|d TXA
|d UtOrBLW
|
| 049 |
|
|
|a TXAM
|
| 082 |
0 |
4 |
|a 613.25
|2 18
|
| 090 |
|
|
|a RM222.2
|b .Y8 1962
|
| 100 |
1 |
|
|a Yudkin, John,
|d 1910-1995.
|
| 245 |
1 |
0 |
|a This slimming business /
|c illustrated by Heather Standring.
|
| 264 |
|
1 |
|a [Place of publication not identified] :
|b Penguin,
|c 1962.
|
| 300 |
|
|
|a 191 pages :
|b illustrations ;
|c 18 cm.
|
| 336 |
|
|
|a text
|b txt
|2 rdacontent
|
| 337 |
|
|
|a unmediated
|b n
|2 rdamedia
|
| 338 |
|
|
|a volume
|b nc
|2 rdacarrier
|
| 490 |
0 |
|
|a Penguin handbooks
|
| 500 |
|
|
|a Originally published (B58-9490), MacGibbon & Kee, 1958.
|
| 536 |
|
|
|a Donated through the generosity of Professor Frank Friedeberg Seeley, June 1996.
|
| 650 |
|
0 |
|a Obesity.
|
| 650 |
|
0 |
|a Food.
|
| 999 |
|
|
|a MARS
|
| 999 |
f |
f |
|s 0e175e88-27e8-3d39-ba83-18ead7a18746
|i 427f34ae-1e1c-384b-aced-3d42bb785e4d
|t 0
|
| 952 |
f |
f |
|p ric
|a Texas A&M University
|b Rellis Campus
|c Joint Library Facility
|d Remote Storage
|t 0
|e RM222.2 .Y8 1962
|h Library of Congress classification
|i unmediated -- volume
|m A14820437656
|
| 998 |
f |
f |
|a RM222.2 .Y8 1962
|t 0
|l Remote Storage
|